Responses for Show #6092 - Tuesday, February 22, 2011

2011 Teen Tournament quarterfinal game 4.

Contestants

[<< previous game]

Lindsey Thiesfeld, a sophomore from Clarendon Hills, Illinois

Idrees Kahloon, a junior from Lexington, Kentucky

Cosi Audi, a junior from North Canton, Ohio

[next game >>]

Jeopardy! Round responses

BIBLICAL PEOPLE
POP CULTURE
JUMPING JUPITER!
WE MAKE THAT
VAMPIRE DIARIES
COMBINED STATE ABBREV.
(Alex: You have to combine two postal letter abbreviations to come up with the word for us.)
    $200 3
Noah

Idrees
    $200 1
McRib

Lindsey
    $200 23
a moon

Lindsey
    $200 10
Apple

Lindsey
    $200 9
Edward

Idrees
    $200 14
dear

Idrees
    $400 4
Joseph

Cosi
    $400 2
TMZ

Idrees
    $400 24
rings

Cosi
    $400 16
Nike

Idrees
    $400 11
(Anne) Rice

Cosi
    $400 15
inky

Idrees
    $600 8
Matthew

Cosi
    $600 5
(Alex: Are you three too old for [*]?)

Justin Bieber

Triple Stumper
    $600 30
the Great Red Spot

Idrees
    $600 17
Sony

Lindsey
    $600 12
Dracula

Idrees
    $600 25
gala

Lindsey
    $800 13
Job

Triple Stumper
    $800 6
(Andrew) Garfield

Cosi
    $800 28
hydrogen & helium

Idrees
    $800 18
Gap

Cosi
    $800 19
Damon

Triple Stumper
    $800 26
mime

Lindsey
    $1000 21
(Cosi: Who was Andrew?)

Simon Peter

Cosi
Triple Stumper
    $1000 7
T.I.

Idrees
    $2,000 29
Galileo

Idrees
    $1000 22
Intel

Idrees
    $1000 20
Mr. Darcy

Triple Stumper
    $1000 27
floral

Idrees

Scores at the first commercial break (after clue 15):

Cosi Idrees Lindsey
$2,200 $3,000 $400

Scores at the end of the Jeopardy! Round:

Cosi Idrees Lindsey
$2,400 $8,800 $2,600

Double Jeopardy! Round responses

CRIME DETECTION
WINTER SPORTS
HOMECOMING KINGS & QUEENS
COUNTRIES' LOWEST POINTS
RED THINGS
CROSSWORD CLUES "D"
    $400 4
blood

Lindsey
    $400 12
(Idrees: What is a bear swim?)
(Alex: Be more specific. No? Okay.)

a polar bear swim

IdreesLindsey
    $400 1
the Scots

Lindsey
    $400 22
the Caribbean

Idrees
    $400 2
stop signs

Lindsey
    $400 13
daffy

Cosi
    $800 6
poison

Idrees
    $800 24
a toboggan

Cosi
    $800 14
Egypt

Idrees
    $800 23
the Indian Ocean

Cosi
    $800 3
the Sun

Idrees
    $800 16
desertion

Lindsey
    $1200 9
fingerprints

Lindsey
    $1200 25
a pipe

Lindsey
    $1200 15
Jerusalem

Lindsey
    $1200 27
the Baltic

Idrees
    $1200 5
a kangaroo

Idrees
    $1200 17
dressing

Lindsey
    $1600 10
a coroner

Lindsey
    $1600 26
curling

Idrees
    $1600 20
the Netherlands

Triple Stumper
    $1600 28
the Black Sea

Idrees
    $1600 7
Erik the Red

Idrees
    $1600 18
a despot

Idrees
    $2000 11
cross-contamination

Lindsey
    $2000 30
the cross-country race

Triple Stumper
    $2000 21
the Communist Party

Idrees
    $2,000 29
the Caspian Sea

Idrees
    $2000 8
the red carpet

Triple Stumper
    $3,000 19
(Idrees:What is a "drood"?)
(Alex: [After hesitation] We'll accept your pronunciation.)

a druid

Idrees

Scores at the end of the Double Jeopardy! Round:

Cosi Idrees Lindsey
$4,400 $27,000 $13,400
(lock game)

Final Jeopardy! Round responses

19th CENTURY NAMES
CosiWho is Douglas?
$3,399
LindseyWho was Frederick Douglass?
$2,001
IdreesWho is Frederick Douglass?
$0
Frederick Douglass

Final scores:

Cosi Idrees Lindsey
$7,799 $27,000 $15,401
3rd place: $5,000 if eliminated Automatic semifinalist 2nd place: $5,000 if eliminated

Game dynamics:

Coryat scores:

Cosi Idrees Lindsey
$4,400 $25,000 $13,400
9 R,
1 W
26 R
(including 3 DDs),
1 W
17 R,
0 W

Combined Coryat: $42,800

[game clues] [game scores] [suggest correction]

Game tape date: 2010-12-06
The J! Archive is created by fans, for fans. Scraping, republication, monetization, and malicious use prohibited; this site may use cookies and collect identifying information. See terms. The Jeopardy! game show and all elements thereof, including but not limited to copyright and trademark thereto, are the property of Jeopardy Productions, Inc. and are protected under law. This website is not affiliated with, sponsored by, or operated by Jeopardy Productions, Inc. Join the discussion at JBoard.tv.